Grande y pequeno = (Record no. 24737)
[ view plain ]
| 000 -LEADER | |
|---|---|
| fixed length control field | 00493 a2200181 4500 |
| 003 - CONTROL NUMBER IDENTIFIER | |
| control field | sjds |
| 005 - DATE AND TIME OF LATEST TRANSACTION | |
| control field | 20240229150014.0 |
| 008 - FIXED-LENGTH DATA ELEMENTS--GENERAL INFORMATION | |
| fixed length control field | 240229b |||||||| |||| 00| 0 spa d |
| 020 ## - INTERNATIONAL STANDARD BOOK NUMBER | |
| International Standard Book Number | 9781782857761 |
| 040 ## - CATALOGING SOURCE | |
| Transcribing agency | sjds |
| 041 ## - LANGUAGE CODE | |
| Language code of text/sound track or separate title | spa |
| 100 ## - MAIN ENTRY--PERSONAL NAME | |
| Personal name | Teckentrup, Britta |
| 245 ## - TITLE STATEMENT | |
| Title | Grande y pequeno = |
| Remainder of title | Big and Small / |
| Statement of responsibility, etc. | Britta Teckentrup |
| 260 ## - PUBLICATION, DISTRIBUTION, ETC. (IMPRINT) | |
| Place of publication, distribution, etc. | [unknown publisher and date] |
| 300 ## - PHYSICAL DESCRIPTION | |
| Extent | 16 board pages |
| 500 ## - GENERAL NOTE | |
| General note | Bilingual.<br/>Cataloging from distributor website |
| 942 ## - ADDED ENTRY ELEMENTS (KOHA) | |
| Koha item type | Libro/Book |
| Withdrawn status | Lost status | Damaged status | Not for loan | Home library | Current library | Date acquired | Inventory number | Total Checkouts | Full call number | Barcode | Date last seen | Date checked out | Price effective from | Koha item type |
|---|---|---|---|---|---|---|---|---|---|---|---|---|---|---|
| Carrizal -- Satellite | Carrizal -- Satellite | 17/07/2020 | Inventory date: 13-1-25 | 1 | JI | 3700380 | 21/04/2022 | 09/03/2022 | 17/07/2020 | Libro/Book | ||||
| Las Brisas 2 -- Satellite | Las Brisas 2 -- Satellite | 22/07/2020 | JI | 40102213 | 22/07/2020 | 22/07/2020 | Libro/Book |